000 01731nmm a2200277 a 4500
001 ocm000701541
003 TR-IsHL
005 20201028155205.0
008 110704s2000 tu tur
007 cr cn
020 _a9789757639789
035 _a701541
_b(N$T)
050 0 4 _aDD256.5
_b.Ç85 2000
090 0 4 _aDD256.5
_b.Ç85 2000
100 1 _aÇulcu, Murat
245 1 0 _aNeonazizm'in suçüstü tutanakları
_h[electronic resource] /
_cMurat Çulcu
260 _aİstanbul :
_bKastaş Yayınevi,
_c2000
300 _a224 p.
500 _aİlk baskısı için kaleme alınan Sunuş yazısında da belirtildiği gibi Neonazizmin Suçüstü Tutanakları, bu satırların yazarının anı, günlük, gözlem, yorum, diziyazı ve araştırmalarını içeriyor.Bu yazılarda öncelikle "saptamalar" yapılıyor ve 1970 - 80'li yıllarda Almanya'da cereyan eden olaylara teşhis konuluyor. Tüm çevrelerce -bazen bilinçli, bazen de bilinçsizce- bu ülke halkının yabancılara duyduğu tepkinin "masumca dışa vurumu" olarak değerlendirilen olayların, sanıldığı kadar "masumca olmadığı" -o dönemde- tüm yalınlığıyla ortaya konuluyor. Konulmakla kalmıyor; bazı gerçekleri bilerek göz ardı edenler de cesurca teşhir ediliyor.Kısacası; Neonazizmin Suçüstü Tutanakları bir döneme sadece tanıklık etmekle kalmıyor. Aynı zamanda "tarihte kanıtlar bırakıyor."
_x
650 4 _aTarih
650 4 _aHistory
650 0 _aAlmanya
_x Politika ve yönetim
_x 1933-1945
650 0 _aGermany
_x Politics and government
_x 1933-1945
650 7 _aHISTORY / Europe / Germany
_2bisacsh
856 4 0 _uhttp://search.ebscohost.com/login.aspx?direct=true&scope=site&db=e011xww&AN=701541
999 _c12961
_d12961